Linking with farmers : (Record no. 342)

MARC details
000 -LEADER
fixed length control field 01029cam a2200241 a 4500
020 ## - INTERNATIONAL STANDARD BOOK NUMBER
ISBN 1853392103
050 00 - CALL NUMBER
Classification number S494.5.I47
Item number L56
100 ## - AUTHOR
Personal name Alders, Carine (Ed)
245 00 - TITLE
Title Linking with farmers :
Remainder of title networking for low-external-input and sustainable agriculture /
Statement of responsibility, etc edited by Carine Alders, Bertus Haverkort and Laurens van Veldhuizen.
260 ## - PUBLICATION INFORMATION
Place of publication London, U.K. :
Name of publisher Intermediate Technology Publications,
Year of publication 1993.
300 ## - DESCRIPTION
Number of Pages vi, 298 p. :
Other physical details ill., maps ;
Dimensions 22 cm.
440 #0 - SERIES
SERIES ILEIA readings in sustainable agriculture
500 ## - NOTES
General note INCLUDES BIBLIOGRAPHIC REFERENCE AND INDEX
650 #0 - SUBJECTS
Topical Term Agricultural information networks
700 1# - OTHER AUTHORS
Personal name Alders, Carine.
700 1# - OTHER AUTHORS
Personal name Haverkort, Bertus.
700 1# - OTHER AUTHORS
Personal name Veldhuizen, Laurens van.
710 2# - OTHER AUTHORS
OTHER AUTHORS International Institute of Rural Reconstruction.
710 2# - OTHER AUTHORS
OTHER AUTHORS Informationcentre for Low External Input Agriculture.
710 2# - OTHER AUTHORS
OTHER AUTHORS World Neighbors (Organization)
711 2# - OTHER AUTHORS
OTHER AUTHORS International Workshop on Networking for Low-external-input and Sustainable Agriculture
942 ## - ADDED ENTRY ELEMENTS (KOHA)
Koha item type Books
Holdings
Withdrawn status Lost status Home library Current library Date acquired Full call number Accession Number Koha item type
    Methodist University Library Wenchi Faculty Methodist University Library Wenchi Faculty 20/10/2017 S494.5.I47 L56 21448 Books
Copyright © 2026  MUG Library